<?xml version="1.0" encoding="UTF-8"?>
<collection xmlns="http://www.loc.gov/MARC21/slim">
 <record>
  <leader>     na                 </leader>
  <controlfield tag="001">INLIS000000000002930</controlfield>
  <controlfield tag="005">20221104105055</controlfield>
  <datafield tag="035" ind1=" " ind2=" ">
   <subfield code="a">0010-0621002530</subfield>
  </datafield>
  <controlfield tag="008">221104                d          0 ind  </controlfield>
  <datafield tag="245" ind1="1" ind2=" ">
   <subfield code="a">Pencegahan Dan Penanggulangan Penyalahgunaan Narkoba Berbasis Sekolah :</subfield>
   <subfield code="b">Buku Panduan Untuk Guru, Konselor, dan Administrator</subfield>
  </datafield>
  <datafield tag="100" ind1="1" ind2=" ">
   <subfield code="a">Martono, Lydia Harlina</subfield>
  </datafield>
  <datafield tag="260" ind1=" " ind2=" ">
   <subfield code="a">Jakarta :</subfield>
   <subfield code="b">Balai Pustaka,</subfield>
   <subfield code="c">2006</subfield>
  </datafield>
  <datafield tag="300" ind1=" " ind2=" ">
   <subfield code="a">119 hlm. ;</subfield>
   <subfield code="c">25 cm.</subfield>
  </datafield>
  <datafield tag="020" ind1=" " ind2=" ">
   <subfield code="a">979-690-325-3</subfield>
  </datafield>
  <datafield tag="084" ind1=" " ind2=" ">
   <subfield code="a">364.14 MAR p</subfield>
  </datafield>
  <datafield tag="520" ind1=" " ind2=" ">
   <subfield code="a">PENCEGAHAN DAN PENANGGULANGAN PENYALAHGUNAAN NARKOBA BERBASIS SEKOLAHBUKU PEDOMAN UNTUK GURU, KONSELOR, DAN ADMINISTRATOR.Narkotika, Psikotropika, dan Zat Adiktif Lain yang populer, dengan istilah narkoba, telah menjadi momok yang sangat menakutkan bagi masyarakat. Penyalahgunaan narkoba telah merasuk sampai ke sekolah-sekolah dan menjadi lahan empuk bagi pengedar, tanpa memikirkan akibat buruk yangditimbulkannya bagi bangsa dan negara. Sekolah merupakan lingkungan pendidikan yang sangat penting.Pendidikan lebih luas daripada pengajaran. Sasaran pendidikan adalah perbaikan perilaku manusia dalam seluruh aspek kepribadiannya, baik aspek pengetahuan (kognitif), emosi (afektif, kemauan (konatif), maupun keterampilan (psikomotorik). Demikian juga sasaran dalam upaya pencegahan dan penanggulangan penyalahgunaan narkoba. Balai Pustaka sebagai penerbit yang turut bertanggung jawab terhadap pencerdasan kehidupan bangsa, menerbitkan serial buku pedoman bagi anak/remaja/pemuda, keluarga, sekolah dan masyarakat, tentang cara mencegah dan menanggulangi penyalahgunaan narkoba secara komprehensif di lingkungan masing-masing. Buku ini dimaksudkan sebagai pedoman bagi guru di sekolah, dan melengkapi Modul Perubahan Perilaku bagi anak remaja/siswa SD, SMP, dan SMA yang berjudul &quot;Belajar Hidup Bertanggung Jawab, Menangkal Narkoba dan Kekerasan. &quot; Semoga buku ini bermanfaat dalam menyiapkan generasi bangsa yang lebih sehat dan berprestasi di bidangnya masing-masing.</subfield>
  </datafield>
  <datafield tag="082" ind1=" " ind2=" ">
   <subfield code="a">364.14</subfield>
  </datafield>
  <datafield tag="650" ind1=" " ind2="4">
   <subfield code="a">Narkoba</subfield>
  </datafield>
  <datafield tag="650" ind1=" " ind2="4">
   <subfield code="a">Pencegahan</subfield>
  </datafield>
  <datafield tag="990" ind1=" " ind2=" ">
   <subfield code="a">028001</subfield>
  </datafield>
  <datafield tag="990" ind1=" " ind2=" ">
   <subfield code="a">027992</subfield>
  </datafield>
  <datafield tag="990" ind1=" " ind2=" ">
   <subfield code="a">027993</subfield>
  </datafield>
  <datafield tag="990" ind1=" " ind2=" ">
   <subfield code="a">027994</subfield>
  </datafield>
  <datafield tag="990" ind1=" " ind2=" ">
   <subfield code="a">027995</subfield>
  </datafield>
  <datafield tag="990" ind1=" " ind2=" ">
   <subfield code="a">027996</subfield>
  </datafield>
  <datafield tag="990" ind1=" " ind2=" ">
   <subfield code="a">027997</subfield>
  </datafield>
  <datafield tag="990" ind1=" " ind2=" ">
   <subfield code="a">027991</subfield>
  </datafield>
  <datafield tag="990" ind1=" " ind2=" ">
   <subfield code="a">028002</subfield>
  </datafield>
  <datafield tag="990" ind1=" " ind2=" ">
   <subfield code="a">028003</subfield>
  </datafield>
  <datafield tag="990" ind1=" " ind2=" ">
   <subfield code="a">028004</subfield>
  </datafield>
  <datafield tag="990" ind1=" " ind2=" ">
   <subfield code="a">028005</subfield>
  </datafield>
 </record>
</collection>
